[Event "ch-Moscow Prelim KO"]
[Site "Moscow RUS"]
[Date "2006.03.22"]
[Round "2.2"]
[White "Nikolenko,O"]
[Black "Jakovenko,D"]
[Result "1/2-1/2"]
[WhiteElo "2527"]
[BlackElo "2662"]

1.e4 e5 2.Nf3 Nc6 3.Bc4 Bc5 4.c3 Nf6 5.d4 exd4 6.cxd4 Bb4+ 7.Bd2 Bxd2+ 8.Nbxd2 d5
9.exd5 Nxd5 10.Qb3 Nce7 11.O-O O-O 12.Rfe1 c6 13.Ne4 Nb6 14.Bf1 Nf5 15.Rad1 Nd6
16.Nc5 Bg4 17.h3 Bxf3 18.Qxf3 Re8 19.Re5 Nd7 20.Rxe8+ Qxe8 21.Qb3 Nb6 22.g3 Qe7
23.Qa3 Qc7 24.Bg2 Rd8 25.b4 h6 26.Qb3 Nb5 27.Qb2 Nc4 28.Qc1 Nb6 29.Qe3 Nc4
30.Qc1 Nb6 31.Qe3 Nc4 32.Qc1 Nb6 33.Qe3 Nc4  1/2-1/2

[Event "ch-Moscow Prelim KO"]
[Site "Moscow RUS"]
[Date "2006.03.22"]
[Round "2.1"]
[White "Jakovenko,D"]
[Black "Nikolenko,O"]
[Result "1-0"]
[WhiteElo "2662"]
[BlackElo "2527"]

1.e4 Nf6 2.e5 Nd5 3.d4 d6 4.Nf3 dxe5 5.Nxe5 Nd7 6.Nf3 e6 7.c4 N5f6 8.Nc3 c5
9.d5 Nb6 10.Bf4 Bd6 11.Bxd6 Qxd6 12.Nb5 Qd8 13.dxe6 Bxe6 14.Qd6 Qxd6 15.Nxd6+ Ke7
16.Nxb7 Nxc4 17.b3 Na3 18.O-O-O Ne4 19.Ba6 Nxf2 20.Kb2 Nxh1 21.Rxh1 c4 22.Kxa3 cxb3
23.axb3 Rhc8 24.Nd4 Bd5 25.Na5 Rc5 26.Kb4 Rc7 27.Bc4 Rb8+ 28.Ka4 Ba8 29.Rf1 Ke8
30.Bb5+  1-0

[Event "ch-Moscow Final"]
[Site "Moscow RUS"]
[Date "2006.03.25"]
[Round "1"]
[White "Jakovenko,D"]
[Black "Amonatov,F"]
[Result "1-0"]
[WhiteElo "2662"]
[BlackElo "2564"]

1.e4 c5 2.Nf3 d6 3.d4 cxd4 4.Nxd4 Nf6 5.Nc3 a6 6.Be2 e5 7.Nb3 Be7 8.O-O O-O
9.Kh1 Nc6 10.f3 a5 11.Bb5 Be6 12.Qe2 Qc7 13.Be3 Nb4 14.a3 a4 15.Nc1 Nc6 16.Nxa4 Nd4
17.Bxd4 exd4 18.c4 Bxc4 19.Bxc4 Rxa4 20.Bb3 Raa8 21.Nd3 Qb6 22.Nb4 Nd7 23.Nd5 Qxb3
24.Nxe7+ Kh8 25.Rad1 Ra4 26.Nf5 Qb6 27.Qf2 Ne5 28.Nxd4 g6 29.b3 Rxa3 30.f4 Rd8
31.fxe5 dxe5 32.Ne6  1-0

[Event "ch-Moscow Final"]
[Site "Moscow RUS"]
[Date "2006.03.26"]
[Round "2"]
[White "Grigoriants,S RUS"]
[Black "Jakovenko,D"]
[Result "0-1"]
[WhiteElo "2550"]
[BlackElo "2662"]

1.d4 Nf6 2.c4 e6 3.Nf3 d5 4.Qc2 c5 5.dxc5 Bxc5 6.e3 O-O 7.cxd5 Qxd5 8.Nc3 Qd8
9.Bd3 Nbd7 10.O-O b6 11.e4 e5 12.Bg5 Bb7 13.Rad1 Qc7 14.a3 Rac8 15.Qe2 h6
16.Bd2 Rfd8 17.Rc1 Qb8 18.b4 Bf8 19.Rc2 a5 20.Rb1 axb4 21.axb4 Qd6 22.Bc4 Nb8
23.h3 Nc6 24.Nd5 Nxe4 25.Qxe4 Nd4 26.Nxd4 Rxc4 27.Rxc4 Bxd5 28.Qe2 Qg6  0-1

[Event "ch-Moscow Final"]
[Site "Moscow RUS"]
[Date "2006.03.28"]
[Round "4"]
[White "Rustemov,A"]
[Black "Jakovenko,D"]
[Result "1/2-1/2"]
[WhiteElo "2573"]
[BlackElo "2662"]

1.d4 Nf6 2.c4 e6 3.Nf3 d5 4.Nc3 dxc4 5.e4 Bb4 6.Bg5 c5 7.Bxc4 cxd4 8.Nxd4 Bxc3+
9.bxc3 Qa5 10.Bb5+ Bd7 11.Bxf6 gxf6 12.Qb3 Bxb5 13.Nxb5 O-O 14.O-O Nc6 15.c4 Rad8
16.Qg3+ Kh8 17.Qh4 Kg7 18.Qg3+ Kh8 19.Qh4 Kg7 20.Qg3+  1/2-1/2

[Event "ch-Moscow Final"]
[Site "Moscow RUS"]
[Date "2006.03.29"]
[Round "5"]
[White "Jakovenko,D"]
[Black "Belov,Vl"]
[Result "1/2-1/2"]
[WhiteElo "2662"]
[BlackElo "2608"]

1.e4 c6 2.d4 d5 3.Nc3 dxe4 4.Nxe4 Bf5 5.Ng3 Bg6 6.h4 h6 7.Nf3 Nd7 8.h5 Bh7
9.Bd3 Bxd3 10.Qxd3 e6 11.Bf4 Qa5+ 12.Bd2 Qc7  1/2-1/2

[Event "ch-Moscow Final"]
[Site "Moscow RUS"]
[Date "2006.03.30"]
[Round "6"]
[White "Riazantsev,A"]
[Black "Jakovenko,D"]
[Result "1-0"]
[WhiteElo "2594"]
[BlackElo "2662"]

1.d4 Nf6 2.c4 e6 3.Nc3 d5 4.Nf3 dxc4 5.e4 Bb4 6.Bg5 c5 7.e5 cxd4 8.Qa4+ Nc6
9.O-O-O Bd7 10.Ne4 Be7 11.exf6 gxf6 12.Bh4 Rc8 13.Kb1 Na5 14.Qc2 e5 15.Nxd4 exd4
16.Rxd4 Qb6 17.Rd5 Be6 18.Rh5 Bg4 19.Qa4+ Nc6 20.Rb5 Qd4 21.f3 Be6 22.Bf2 Qd7
23.Bxc4 Bxc4 24.Qxc4 O-O 25.Bh4 f5 26.Bxe7 Qxe7 27.Rxf5 Qe6 28.Qxe6 fxe6
29.Rxf8+ Kxf8 30.Ng5 Ke7 31.Re1 e5 32.f4 Rg8 33.g3 Kf6 34.Ne4+ Kg6 35.fxe5 Nxe5
36.Nd6 Nf3 37.Re6+ Kh5 38.Re7 h6 39.Ne4 Kg6 40.h3 Ng1 41.Rxb7 Nxh3 42.Rxa7 Kf5
43.Re7 Rg4 44.Nd6+ Kf6 45.Re3 Ng5 46.b3 Rd4 47.Nc4 Ne6 48.Kc2 Rg4 49.Kc3 Nc7
50.Nb6 Nb5+ 51.Kb2 Nd6 52.a4 Nf5 53.Rf3 Ke6 54.a5 Nd4 55.Re3+ Kd6 56.a6 Nc6
57.Rc3 Rg8 58.Ka3 Na7 59.Ka4 Re8 60.b4 h5 61.b5 Rh8 62.Ka5 Rg8 63.Rd3+  1-0

[Event "XIII TCh-RUS"]
[Site "Sochi RUS"]
[Date "2006.04.21"]
[Round "2"]
[White "Najer,E"]
[Black "Jakovenko,D"]
[Result "1-0"]
[WhiteElo "2653"]
[BlackElo "2675"]

1.e4 e5 2.Nf3 Nc6 3.d4 exd4 4.Nxd4 Bc5 5.Be3 Qf6 6.c3 Nge7 7.Bc4 Ne5 8.Be2 Qg6
9.O-O d6 10.f3 O-O 11.Kh1 Bb6 12.a4 N5c6 13.Na3 Nxd4 14.cxd4 d5 15.Nb5 c6
16.Nc3 f5 17.Bf4 fxe4 18.fxe4 Ba5 19.Bh5 Qe6 20.exd5 Nxd5 21.Nxd5 Qxd5 22.Bf3 Qd8
23.Qb3+ Kh8 24.Bg3 Qxd4 25.Bxc6 Bg4 26.Qxb7 Rad8 27.h3 Rxf1+ 28.Rxf1 Be2
29.Qe7 Bxf1 30.Be5 Bxg2+ 31.Kh2 Qxe5+ 32.Qxe5 Bxc6 33.Qxa5 Rd7 34.Qc5 Rd2+
35.Kg1 Bd5 36.b4  1-0

[Event "XIII TCh-RUS"]
[Site "Sochi RUS"]
[Date "2006.04.25"]
[Round "6"]
[White "Asrian,K"]
[Black "Jakovenko,D"]
[Result "1/2-1/2"]
[WhiteElo "2646"]
[BlackElo "2675"]

1.e4 e5 2.Nf3 Nc6 3.Bb5 Nf6 4.O-O Nxe4 5.Re1 Nd6 6.Nxe5 Nxe5 7.Rxe5+ Be7
8.Bf1 O-O 9.d4 b6 10.Nc3 Bf6 11.Nd5 Bb7 12.Nxf6+ Qxf6 13.Bd3 h6 14.Qg4 Rae8
15.Bf4 Be4 16.Bxe4 Nxe4 17.Re1 d5 18.f3 Rxe5 19.Bxe5 Qg5 20.Qf4 Qxf4 21.Bxf4 Ng5
22.Bxg5 hxg5 23.Re5 Rd8 24.Rxg5 f6 25.Rh5 c6 26.Kf2 Re8 27.Rh3 Kf7 28.c3 a5
29.f4 Re4 30.f5 c5 31.Re3 Rf4+ 32.Rf3 Re4 33.Re3 Rf4+ 34.Rf3 Re4 35.dxc5 bxc5
36.g3 Re8 37.Re3 Rh8 38.Kg2 a4 39.a3 g6 40.fxg6+ Kxg6 41.Re2 Kf5 42.Kf3 Rd8
43.h4 d4 44.g4+ Kg6 45.cxd4 Rxd4 46.Re4 Rd2 47.Rxa4 Rxb2 48.Ra7 c4 49.h5+ Kh6
50.Rf7 Rb6 51.Ke3 Ra6 52.Kd4 c3 53.Kd3 Rc6 54.Kc2 Ra6 55.Kb1 Rxa3 56.Rxf6+ Kh7
57.Rf4 Kh6 58.Kc2 Kg5 59.Rd4 Kh4 60.Rc4 Kg5 61.Kd3 c2+ 62.Kxc2 Rh3 63.Kd2 Ra3
64.Ke2 Rb3 65.Rd4 Rg3 66.Re4 Ra3 67.Kf2 Rb3 68.Re3 Rb4 69.Rg3 Rb2+ 70.Kf3 Rb3+
71.Kg2 Rb1 72.Kh2 Ra1 73.Rg2 Ra3 74.Rg1 Rb3 75.Rg3 Rb1 76.Kg2 Ra1 77.Kf2 Ra2+
78.Kf1 Rb2 79.Rg2 Rb3 80.Ke2 Ra3 81.Rg1 Rb3 82.Rh1 Kxg4 83.h6 Rb8  1/2-1/2

[Event "XIII TCh-RUS"]
[Site "Sochi RUS"]
[Date "2006.04.26"]
[Round "7"]
[White "Jakovenko,D"]
[Black "Bareev,E"]
[Result "1-0"]
[WhiteElo "2675"]
[BlackElo "2701"]

1.e4 e6 2.d4 d5 3.Nc3 Nf6 4.e5 Nfd7 5.f4 c5 6.Nf3 Nc6 7.Be3 a6 8.Qd2 b5 9.a3 g5
10.fxg5 cxd4 11.Nxd4 Ncxe5 12.Bd3 Bg7 13.Nce2 O-O 14.Ng3 Nxd3+ 15.cxd3 Qb6
16.Qf2 f5 17.Nf3 Qb8 18.Nh5 f4 19.Bd4 e5 20.Nxg7 Kxg7 21.Bc3 Kg8 22.O-O d4
23.Ba5 Bb7 24.Rac1 Rc8 25.Bb4 a5 26.Be7 Ra6 27.Rxc8+ Qxc8 28.Re1 Re6 29.Bf6 Qe8
30.Qe2 Bxf3 31.Qxf3 Nxf6 32.gxf6 Kf7 33.Qh5+ Kxf6 34.Qxh7 Qg6 35.Qh3 Qf5
36.Qf3 a4 37.h3 Qg6 38.Rf1 Qf5 39.Kh2 Kg6 40.Rc1 Kh6 41.Rc8 Qg6 42.Rh8+ Kg7
43.Rb8 Rb6 44.Rxb6 Qxb6 45.Qg4+ Kh6 46.Qh4+ Kg6 47.Qe7 Qb8 48.h4 Kh6 49.Qe6+ Kh7
50.Kh3 Qc7 51.Qf5+ Kh6 52.Qf6+ Kh7 53.Qf5+ Kh6 54.Qf6+ Kh7 55.h5 Qc8+ 56.g4 fxg3
57.Kxg3 Qc1 58.Qf5+ Kg8 59.Qxe5 Qg1+ 60.Kh4 Qh1+ 61.Kg5 Qc1+ 62.Kg6 Qc6+
63.Qf6 Qe8+ 64.Kf5 Qe3 65.Qd8+ Kf7 66.Qd7+ Kf8 67.Qxb5 Ke7 68.Qe5+ Kd7 69.Qe4 Kd6
70.h6 Qh3+ 71.Kg6 Qg3+ 72.Kf7 Qf2+ 73.Kg7  1-0

[Event "XIII TCh-RUS"]
[Site "Sochi RUS"]
[Date "2006.04.28"]
[Round "9"]
[White "Shirov,A"]
[Black "Jakovenko,D"]
[Result "1/2-1/2"]
[WhiteElo "2699"]
[BlackElo "2675"]

1.e4 e5 2.Nf3 Nc6 3.Nc3 Nf6 4.Bb5 Bb4 5.O-O O-O 6.d3 d6 7.Bg5 Bxc3 8.bxc3 Bd7
9.d4 h6 10.Bh4 Re8 11.Re1 a6 12.dxe5 dxe5 13.Bxf6 Qxf6 14.Qxd7 axb5 15.Qxc7 Qe6
16.h3 Re7 17.Qb6 Nd4 18.Qxe6 Nxf3+ 19.gxf3 Rxe6 20.Reb1 Rf6 21.Kg2 Ra3  1/2-1/2

[Event "GM Scheveningen"]
[Site "Taiyuan CHN"]
[Date "2006.07.13"]
[Round "4"]
[White "Bu Xiangzhi"]
[Black "Jakovenko,D"]
[Result "1/2-1/2"]
[WhiteElo "2664"]
[BlackElo "2667"]

1.c4 Nf6 2.Nc3 e6 3.d4 Bb4 4.Qc2 c5 5.dxc5 O-O 6.a3 Bxc5 7.Nf3 b6 8.Bf4 Bb7
9.Rd1 Nc6 10.e3 Nh5 11.Bg3 h6 12.Ne4 Nxg3 13.hxg3 f5 14.Nxc5 bxc5 15.g4 Ne7
16.Qd2 Bxf3 17.gxf3 d5 18.Bh3 Ng6 19.gxf5 Ne5 20.Qe2 Rb8 21.cxd5 Qf6 22.b4 exf5
23.f4 Nd7 24.Qc4 cxb4 25.d6+ Kh8 26.axb4 Nb6 27.Qd4 Qg6 28.Ke2 Rf6 29.Rdg1 Qf7
30.Bxf5 Rd8 31.Bb1 Rdxd6 32.Qe4 Qg8 33.Rc1 Rde6 34.Qd4 Rd6 35.Qe4 Rde6 36.Qd4 Rd6
37.Qc5 Qe6 38.Qc2 Qg4+ 39.Ke1 g6 40.Qc7 h5 41.Qb8+ Kg7 42.Ba2 Nd5 43.Rc8 Qe6
44.Re8 Qf7 45.e4 Nc3 46.Rg8+ Kh7 47.Rh8+ Kg7 48.Rg8+  1/2-1/2

[Event "GM Scheveningen"]
[Site "Taiyuan CHN"]
[Date "2006.07.14"]
[Round "5"]
[White "Jakovenko,D"]
[Black "Ni Hua"]
[Result "1/2-1/2"]
[WhiteElo "2667"]
[BlackElo "2607"]

1.e4 e6 2.d4 d5 3.Nc3 Nf6 4.e5 Nfd7 5.f4 c5 6.Nf3 Nc6 7.Be3 cxd4 8.Nxd4 Bc5
9.Qd2 O-O 10.O-O-O a6 11.Qf2 Bxd4 12.Bxd4 b5 13.Be3 b4 14.Na4 a5 15.h4 Ba6
16.Bxa6 Rxa6 17.Qe2 Ra8 18.h5 Qc7 19.h6 g6 20.Kb1 Na7 21.Bxa7 Rxa7 22.Qf2 Ra6
23.Rhe1 Rc6 24.f5 Nc5 25.Nxc5 Rxc5 26.g4 Rc4 27.Rd4 Rxd4 28.Qxd4 Rc8 29.Rc1 Qc4
30.Qg1 d4 31.Qg3 a4 32.fxg6 fxg6 33.Qf3 Qc7 34.Qd3 Qc4 35.Qxc4 Rxc4 36.b3 Rc5
37.bxa4 Rxe5 38.Kb2 Kf7 39.Kb3 Ke7 40.Kxb4 Kd6 41.a5 Kc6 42.Rf1 Rb5+ 43.Kc4 Rxa5
44.Rf7 Rg5 45.Rxh7 Rxg4 46.Re7 Kd6 47.h7 Rh4 48.Rg7 Kc6 49.Rxg6 Rxh7 50.Rxe6+ Kb7
51.Kxd4 Rh1 52.Kc3 Rh3+ 53.Kb2 Rg3 54.a4 Rh3 55.c3 Rh2+ 56.Kb3 Rh4 57.a5 Rg4
58.c4 Rg1 59.Kb4 Rb1+ 60.Kc5 Ra1 61.Re7+ Ka6 62.Kc6 Rh1 63.c5 Rh6+ 64.Kc7 Kxa5
65.c6 Kb5 66.Re5+ Ka6 67.Rd5 Rh7+ 68.Rd7 Rh6 69.Rg7 Kb5 70.Rg5+ Ka6 71.Rd5 Rh7+
72.Rd7 Rh6 73.Re7 Kb5 74.Re5+ Ka6 75.Re1 Rh7+ 76.Kd6 Kb6 77.Rb1+ Ka7 78.c7 Rh6+  1/2-1/2

[Event "GM Scheveningen"]
[Site "Taiyuan CHN"]
[Date "2006.07.18"]
[Round "8"]
[White "Ni Hua"]
[Black "Jakovenko,D"]
[Result "1/2-1/2"]
[WhiteElo "2607"]
[BlackElo "2667"]

1.e4 e5 2.Nf3 Nc6 3.d4 exd4 4.Nxd4 Bc5 5.Nxc6 Qf6 6.Qf3 bxc6 7.Qg3 d6 8.Nc3 Bd4
9.Na4 Qe7 10.Qd3 Bb6 11.f3 f5 12.Qc3 Bd7 13.Nxb6 axb6 14.Bd3 fxe4 15.fxe4 Nf6
16.O-O O-O 17.Bg5 h6 18.Bxf6 Rxf6 19.Rxf6 Qxf6 20.Qxf6 gxf6 21.a4 Kf7 22.Kf2 d5
23.b4 d4 24.a5 Bc8 25.a6 Ra7 26.Bc4+ Ke7 27.Rd1 Bxa6 28.Bxa6 Rxa6 29.Rxd4 Ra2
30.Rc4 Kd6 31.Kf3 Rb2 32.c3 c5 33.bxc5+ bxc5 34.h4 Ra2 35.g4 Kc6 36.e5 Kd5
37.Rf4 fxe5 38.c4+ Ke6 39.Rf8 Ra3+ 40.Ke4 Rg3 41.Rg8 Kf7 42.Rc8 Rxg4+ 43.Kf5 Rxc4  1/2-1/2

[Event "GM Scheveningen"]
[Site "Taiyuan CHN"]
[Date "2006.07.19"]
[Round "9"]
[White "Jakovenko,D"]
[Black "Bu Xiangzhi"]
[Result "0-1"]
[WhiteElo "2667"]
[BlackElo "2664"]

1.e4 c5 2.Nf3 d6 3.d4 cxd4 4.Nxd4 Nf6 5.Nc3 a6 6.Be3 e5 7.Nf3 Be7 8.Bc4 O-O
9.O-O Be6 10.Qe2 b5 11.Bb3 h6 12.a3 Nc6 13.Rfd1 Qc7 14.Nd5 Bxd5 15.Bxd5 Nxd5
16.Rxd5 Nb8 17.Re1 Nd7 18.Bc1 Rac8 19.c3 Rfd8 20.h3 Qc4 21.Qc2 Nf6 22.Rdd1 Bf8
23.Nd2 Qe6 24.Nf1 d5 25.exd5 Nxd5 26.Qe2 f6 27.Ng3 g6 28.Rd3 f5 29.Qxe5 Qxe5
30.Rxe5 Nxc3 31.Rxd8 Rxd8 32.Bxh6 Bxh6 33.bxc3 Bf8 34.Re6 Rd6 35.Rxd6 Bxd6
36.Kf1 Bxa3 37.Ke1 Kf7 38.Ne2 Bc5 39.f3 a5 40.Kd2 a4 41.Kd3 Bf2 42.g4 Ke6
43.Nf4+ Kf6 44.Nd5+ Ke5 45.Nc7 Kf4 46.Nxb5 Kxf3 47.gxf5 gxf5 48.Nc7 a3 49.Kc2 Kg3
50.Ne6 f4 51.Ng5 Kg2 52.c4 Bh4 53.Ne4 Kf3 54.Nc3 Be7 55.Kb3 Bf8 56.h4 Kg4
57.Ne4 f3 58.h5 Kf5 59.Nf2 Bc5 60.Nd3 Be3 61.Kxa3 Ke4 62.c5 Kxd3 63.c6 Bc5+
64.Ka4 f2 65.c7 f1=Q 66.c8=Q Qa1+  0-1

[Event "GM Scheveningen"]
[Site "Taiyuan CHN"]
[Date "2006.07.20"]
[Round "10"]
[White "Wang Hao"]
[Black "Jakovenko,D"]
[Result "1-0"]
[WhiteElo "2610"]
[BlackElo "2667"]

1.e4 e5 2.Nf3 Nc6 3.Bb5 a6 4.Ba4 Nf6 5.O-O Be7 6.Re1 b5 7.Bb3 d6 8.c3 O-O
9.h3 Re8 10.d4 Bb7 11.Nbd2 Bf8 12.a4 Na5 13.Bc2 b4 14.d5 bxc3 15.bxc3 c6
16.c4 Qc7 17.Bd3 Bc8 18.Nf1 Rb8 19.Ra3 Nb7 20.Bg5 Nd7 21.Ne3 h6 22.Bh4 Nbc5
23.Bc2 a5 24.Nd2 Nb6 25.Bg3 Be7 26.f4 Ncd7 27.Kh1 exf4 28.Bxf4 Ne5 29.Rf1 Bf8
30.c5 dxc5 31.Ndc4 Nbxc4 32.Nxc4 Bd6 33.Nxd6 Qxd6 34.dxc6 Qxc6 35.Qh5 Qg6
36.Qxg6 fxg6 37.Rc3 Rf8 38.Rxc5 Nd7 39.Rc3 Bb7 40.Kg1 Rbd8 41.e5 g5 42.Bg3 Rxf1+
43.Kxf1 Bd5 44.Kg1 Kf7 45.Bd3 Ke6 46.Bb5 h5 47.Rc7 Nxe5 48.Rxg7 g4 49.Rg5 Nf7
50.Rxh5 gxh3 51.gxh3 Rg8 52.Kf2 Rg5 53.Rh4 Rf5+ 54.Ke2 Ng5 55.Bc7 Ne4 56.Bxa5 Ng3+
57.Kd2 Rf2+ 58.Kc3 Nf5 59.Rh7 Rf3+ 60.Kb4 Ne7 61.Rh6+ Ke5 62.Bc7+ Kd4 63.Bb6+ Ke5
64.Rh5+ Ke6 65.Bc7 Rb3+ 66.Ka5 Rc3 67.Rh6+ Kf7 68.Rh7+ Ke6 69.Bf4 Be4 70.Rh6+ Kf7
71.Bg5 Nd5 72.h4 Rc8 73.Bc6 Nc3 74.Bd7 Ra8+ 75.Kb4 Nd5+ 76.Kc5 Nc3 77.Kd4 Nxa4
78.Be6+ Kg7 79.Kxe4  1-0

[Event "TCh-ESP Honor Gp2"]
[Site "San Sebastian ESP"]
[Date "2006.09.16"]
[Round "4"]
[White "Van Wely,L"]
[Black "Jakovenko,D"]
[Result "1/2-1/2"]
[WhiteElo "2675"]
[BlackElo "2667"]

1.d4 Nf6 2.c4 e6 3.Nc3 Bb4 4.Qc2 d5 5.cxd5 Qxd5 6.e3 c5 7.a3 Bxc3+ 8.bxc3 O-O
9.Nf3 b6 10.c4 Qc6 11.Bd3 Bb7 12.Bb2 cxd4 13.exd4 Nbd7 14.O-O Rac8 15.Rfe1 h6
16.a4 Rfd8 17.Qe2 Qd6 18.Nd2 a5 19.Nf1 Re8 20.Ne3 Be4 21.Bxe4 Nxe4 22.Qd3 Qf4
23.Re2 Nd6 24.f3 e5 25.Nd5 Qh4 26.g3 Qd8 27.c5 e4 28.fxe4 bxc5 29.e5 Nb7
30.Rf1 Nb6 31.Nxb6 Qxb6 32.Qf3 cxd4 33.Qxf7+ Kh8 34.e6 Nd6 35.Qg6 Nc4 36.Ba1 Re7
37.Ref2 Rg8 38.Qd3 Ne5 39.Qb5 Qxb5 40.axb5 Rxe6 41.Bxd4 Kh7 42.Rf5 Rge8 43.Ra1 Kg6
44.Rf4 Rd8 45.Bc3 Rd3 46.Bxa5 Nf3+ 47.Kf2 Nd4 48.Re1  1/2-1/2

[Event "TCh-ESP Honor Gp2"]
[Site "San Sebastian ESP"]
[Date "2006.09.17"]
[Round "5"]
[White "Jakovenko,D"]
[Black "Cramling,P"]
[Result "1-0"]
[WhiteElo "2667"]
[BlackElo "2521"]

1.e4 c5 2.Nf3 e6 3.d4 cxd4 4.Nxd4 a6 5.Be2 Nf6 6.Nc3 Bb4 7.Qd3 d6 8.O-O Nbd7
9.Qg3 O-O 10.Bh6 Ne8 11.Bg5 Ndf6 12.Rad1 Qc7 13.Bd3 Bxc3 14.bxc3 e5 15.Ne2 Bg4
16.f3 Bh5 17.a4 Qc6 18.Rb1 Bg6 19.Qf2 d5 20.exd5 Nxd5 21.c4 Ndf6 22.Nc3 b5
23.axb5 axb5 24.Nd5 Qd6 25.Bxf6 Nxf6 26.Nxf6+ gxf6 27.cxb5 Bxd3 28.cxd3 Ra3
29.b6 Rb8 30.Rfc1 Rxd3 31.b7 Kg7 32.h3 Qd7 33.Qb6 Rd6 34.Qa7 Qd8 35.Kh2 Rd7
36.Rc6 f5 37.Qe3 f6 38.Qa7 f4 39.h4 Rf7 40.h5 Rd7 41.h6+ Kg6 42.Rbb6 Kg5
43.Rxf6 Qe8 44.Qa4 Rbd8 45.Rfd6 Qh5+ 46.Kg1 Rxd6 47.Rxd6 Rxd6 48.b8=Q Qxh6
49.Qg8+  1-0

[Event "22nd ECU Club Cup"]
[Site "Feugen AUT"]
[Date "2006.10.09"]
[Round "2"]
[White "Jakovenko,D"]
[Black "Berg,E"]
[Result "1-0"]
[WhiteElo "2671"]
[BlackElo "2582"]

1.e4 e6 2.d4 d5 3.Nc3 Bb4 4.e5 c5 5.a3 Bxc3+ 6.bxc3 Ne7 7.Qg4 O-O 8.Bd3 f5
9.exf6 Rxf6 10.Bg5 Rf7 11.Qh5 g6 12.Qd1 Nbc6 13.Nf3 Qa5 14.Qd2 Qc7 15.O-O cxd4
16.Nxd4 a6 17.Rae1 e5 18.Nxc6 bxc6 19.f3 Nf5 20.Qe2 Qb6+ 21.Qf2 Qc7 22.Qc5 Bb7
23.Rf2 Re8 24.Rfe2 Ng7 25.Bh6 Rfe7 26.Bf4 Kf7 27.Bg3 Nf5 28.Bxf5 gxf5 29.Qb4 f4
30.Rxe5 Rxe5 31.Qxf4+ Kg6 32.Qg4+ Rg5 33.Rxe8 Rxg4 34.Bxc7 Rc4 35.Rb8 Rxc3
36.Rxb7 Rxc2 37.Be5 c5 38.g4 d4 39.Rg7+ Kh6 40.Rg8  1-0

[Event "22nd ECU Club Cup"]
[Site "Feugen AUT"]
[Date "2006.10.10"]
[Round "3"]
[White "Delchev,A"]
[Black "Jakovenko,D"]
[Result "0-1"]
[WhiteElo "2628"]
[BlackElo "2671"]

1.c4 c5 2.g3 Nc6 3.Bg2 g6 4.Nc3 Bg7 5.Nf3 d6 6.O-O e5 7.a3 Be6 8.d3 Nge7
9.Rb1 a5 10.Bd2 O-O 11.Nb5 h6 12.Ne1 Qd7 13.b4 axb4 14.axb4 Nxb4 15.Bxb4 cxb4
16.Nc2 d5 17.cxd5 Bxd5 18.Rxb4 Bxg2 19.Kxg2 Nd5 20.Rb1 Ra2 21.Nb4 Nxb4 22.Rxb4 Rc8
23.Kg1 Ra5 24.Qb3 Bf8 25.Rb1 Bxb4 26.Qxb4 Ra6 27.Na3 b5 28.Kg2 Qd5+ 29.f3 Qa2  0-1

[Event "22nd ECU Club Cup"]
[Site "Feugen AUT"]
[Date "2006.10.11"]
[Round "4"]
[White "Jakovenko,D"]
[Black "Kasimdzhanov,R"]
[Result "1/2-1/2"]
[WhiteElo "2671"]
[BlackElo "2672"]

1.e4 e5 2.Nf3 Nc6 3.Bb5 a6 4.Ba4 Nf6 5.O-O Be7 6.Re1 b5 7.Bb3 d6 8.c3 O-O
9.h3 Re8 10.d4 Bb7 11.Nbd2 Bf8 12.a3 h6 13.Bc2 d5 14.exd5 Qxd5 15.Ne4 exd4
16.Nxf6+ gxf6 17.Be3 Ne5 18.Bxd4 Nxf3+ 19.Qxf3 Qxf3 20.gxf3 Bxf3 21.Bxf6 Re6
22.Rxe6 fxe6 23.Be5 Bd6 24.Bxd6 cxd6 25.Re1 Kf7 26.Be4  1/2-1/2

[Event "22nd ECU Club Cup"]
[Site "Feugen AUT"]
[Date "2006.10.12"]
[Round "5"]
[White "Lputian,S"]
[Black "Jakovenko,D"]
[Result "1-0"]
[WhiteElo "2634"]
[BlackElo "2671"]

1.d4 d5 2.c4 c6 3.Nf3 Nf6 4.e3 a6 5.Nc3 b5 6.c5 Nbd7 7.a3 a5 8.Bd3 e5 9.dxe5 Ng4
10.e6 fxe6 11.Nd4 Nxc5 12.Be2 Ne5 13.f4 Nc4 14.b3 Nd6 15.Nxc6 Qb6 16.Nd4 Bd7
17.O-O Be7 18.f5 Nxf5 19.Nxf5 exf5 20.Nxd5 Qd6 21.Bh5+ g6 22.Bf3 Rd8 23.Bb2 Rf8
24.Qc2 Rc8 25.Rfd1 Ne4 26.Qd3 Bc6 27.Rac1 Rd8 28.Nxe7 Qxd3 29.Rxd3 Rxd3 30.Nxc6 Rxb3
31.Rc2 Rxe3 32.Be2 Kf7 33.g3 g5 34.Bxb5 Nd6 35.Be2 Rc8 36.Kf1 h6 37.a4 Ke8
38.Ba6 Ra8 39.Bd4 Re6 40.Bd3 Rc8 41.Nxa5 Rxc2 42.Bxc2 Kd7 43.Nb7 Re8 44.Nxd6 Kxd6
45.Bxf5 Rf8 46.g4 h5 47.h3 hxg4 48.hxg4 Ra8 49.Bc2 Rc8 50.Bd1  1-0

[Event "TCh-ESP Final"]
[Site "Lugo ESP"]
[Date "2006.11.03"]
[Round "1"]
[White "Vallejo Pons,F"]
[Black "Jakovenko,D"]
[Result "1/2-1/2"]
[WhiteElo "2674"]
[BlackElo "2671"]

1.Nf3 d5 2.d4 Nf6 3.c4 c6 4.e3 a6 5.Nc3 b5 6.c5 Nbd7 7.a3 g6 8.b4 Bg7 9.Bb2 O-O
10.a4 Rb8 11.axb5 axb5 12.h3 Qc7 13.Ra2 Ne4 14.Qa1 Nxc3 15.Bxc3 f6 16.h4 e5
17.dxe5 Nxe5 18.h5 Re8 19.Be2 Bf5 20.hxg6 Bxg6 21.Kf1 Re7 22.Bd4 Rf8 23.Rh3 Qd7
24.Kg1 Be4 25.Rg3 Ng6 26.Nd2 Bf5 27.Ra6 Ne5 28.Nf3 Bg6 29.Nh4 f5 30.f4 Ng4
31.Nxg6 hxg6 32.Bxg7 Rxg7 33.Bxg4 fxg4 34.Qd1 d4 35.Rxg4 Qe6 36.Qf3 Qxe3+
37.Qxe3 dxe3 38.Rxc6 g5 39.f5 Rxf5 40.Re4 Rf4 41.Re8+ Kh7 42.Rxe3 Rxb4 43.Rh3+ Rh4
44.Rb6 Rxh3 45.gxh3 Rc7 46.Rxb5 Kg6 47.Kg2 Kh5 48.Kg3 Rc6 49.Kf3 Rc8 50.Kg3 Rc6
51.Kf3 Rc8 52.Ra5 Rc7 53.Ke4 Kh4 54.Kf5 Rc8 55.Rb5 Rf8+ 56.Ke6 Kxh3 57.c6 g4
58.Rg5 g3 59.c7 Rc8 60.Rxg3+ Kxg3 61.Kd7 Rxc7+ 62.Kxc7  1/2-1/2

[Event "TCh-ESP Final"]
[Site "Lugo ESP"]
[Date "2006.11.04"]
[Round "2"]
[White "Shirov,A"]
[Black "Jakovenko,D"]
[Result "1-0"]
[WhiteElo "2720"]
[BlackElo "2671"]

1.e4 e5 2.Nf3 Nc6 3.Bb5 a6 4.Ba4 Nf6 5.O-O Be7 6.Re1 b5 7.Bb3 d6 8.c3 O-O
9.h3 Re8 10.d4 Bb7 11.Ng5 Rf8 12.Nf3 Re8 13.a4 h6 14.Nbd2 Bf8 15.Bc2 exd4
16.cxd4 Nb4 17.Bb1 c5 18.d5 Nd7 19.Ra3 f5 20.g4 f4 21.Nb3 c4 22.Bd2 a5 23.Nbd4 Nc5
24.axb5 Nbd3 25.Bxd3 cxd3 26.Nc6 Qb6 27.Nfd4 Nxe4 28.Rxd3 Qc5 29.Bxf4 a4
30.Rde3 Nf6 31.Rxe8 Rxe8 32.Rxe8 Nxe8 33.Qxa4 Nf6 34.Ne6 Qxd5 35.Ned8 Bc8
36.b6 Nxg4 37.hxg4 Bxg4 38.Nd4 Qe4 39.Qb3+ d5 40.Qe3 Qg6 41.b7 Bd6 42.Bxd6 Bf3+
43.Kf1 Qb1+ 44.Qe1 Qd3+ 45.Kg1  1-0

[Event "XVI Magistral A"]
[Site "Pamplona ESP"]
[Date "2006.12.26"]
[Round "4"]
[White "Jakovenko,D"]
[Black "Wojtaszek,R"]
[Result "1-0"]
[WhiteElo "2671"]
[BlackElo "2630"]

1.c4 b6 2.Nc3 Bb7 3.Nf3 Nf6 4.d4 e6 5.a3 d5 6.cxd5 Nxd5 7.Qc2 Nxc3 8.bxc3 Be7
9.e4 O-O 10.Bd3 c5 11.O-O Qc7 12.Qe2 Nd7 13.Bb2 Rac8 14.Nd2 Nf6 15.f4 b5
16.Kh1 g6 17.Rae1 c4 18.Bc2 a5 19.Rf3 Nh5 20.Qe3 b4 21.g4 Nf6 22.Rg1 bxa3
23.Ba1 Rfe8 24.h4 Bf8 25.h5 Bg7 26.Rf2 Kh8 27.hxg6 fxg6 28.Kh2 Rf8 29.e5 Nd5
30.Qg3 Qe7 31.g5 Nb4 32.cxb4 axb4 33.Qh3 Kg8 34.Ne4 Bxe4 35.Bxe4 c3 36.Kg2 Rc4
37.Qd3 Qc7 38.d5 Qc5 39.dxe6 Rd4 40.Qe3 Qc4 41.Re1 Re8 42.Bc2 Rd2 43.Rxd2 cxd2
44.Qxd2 b3 45.Be4 b2 46.Bxb2 axb2 47.Qd7 Rxe6 48.Bd5 Qc2+ 49.Kg1  1-0

[Event "XVI Magistral A"]
[Site "Pamplona ESP"]
[Date "2006.12.28"]
[Round "6"]
[White "Jakovenko,D"]
[Black "Shirov,A"]
[Result "1/2-1/2"]
[WhiteElo "2671"]
[BlackElo "2720"]

1.e4 e5 2.Nf3 Nc6 3.Bb5 a6 4.Ba4 Nf6 5.O-O Be7 6.Re1 b5 7.Bb3 O-O 8.h3 Bb7
9.d3 d6 10.a3 Na5 11.Ba2 c5 12.Nc3 Nc6 13.Nd5 Nxd5 14.Bxd5 Qc7 15.c3 Na5
16.Bxb7 Qxb7 17.b4 Nc6 18.Qb3 a5 19.Be3  1/2-1/2

[Event "Corus B"]
[Site "Wijk aan Zee NED"]
[Date "2007.01.13"]
[Round "1"]
[White "Kosintseva,T"]
[Black "Jakovenko,D"]
[Result "1/2-1/2"]
[WhiteElo "2474"]
[BlackElo "2691"]

1.e4 e5 2.Nf3 Nc6 3.Bb5 Nf6 4.d3 d6 5.O-O Be7 6.c3 O-O 7.Nbd2 Re8 8.Re1 Bf8
9.Ba4 a6 10.Nf1 b5 11.Bc2 h6 12.Ng3 d5 13.a4 Rb8 14.axb5 axb5 15.h3 dxe4
16.dxe4 Qxd1 17.Rxd1 Nd7 18.Nf5 Nb6 19.Ne3 Bd6 20.Bd3 Nd7 21.Nd5 Ne7 22.Nxe7+ Rxe7
23.b4 Nf6 24.Be3 Bb7 25.Nd2 Rc8 26.f3 c5 27.Bxb5 cxb4 28.Nc4 Bc5 29.cxb4 Bxb4
30.Rab1 Bc5 31.Bxc5 Rxc5 32.Rd8+ Kh7 33.Nd6 Bc6 34.Bc4 Ne8 35.Nf5 Rc7 36.Bd5 Bxd5
37.Rxe8 Rc1+ 38.Rxc1 Rxc1+ 39.Kf2 Rc2+ 40.Kg3 Be6  1/2-1/2

[Event "Corus B"]
[Site "Wijk aan Zee NED"]
[Date "2007.01.14"]
[Round "2"]
[White "Jakovenko,D"]
[Black "Bologan,V"]
[Result "1/2-1/2"]
[WhiteElo "2691"]
[BlackElo "2658"]

1.e4 c6 2.d4 d5 3.Nc3 dxe4 4.Nxe4 Bf5 5.Ng3 Bg6 6.h4 h6 7.Nf3 Nd7 8.h5 Bh7
9.Bd3 Bxd3 10.Qxd3 e6 11.Bd2 Ngf6 12.O-O-O Be7 13.Ne4 Nxe4 14.Qxe4 Nf6 15.Qe2 Qd5
16.Kb1 Nxh5 17.Ne5 Nf6 18.f3 b5 19.g4 Rf8 20.Bf4 b4  1/2-1/2

[Event "Corus B"]
[Site "Wijk aan Zee NED"]
[Date "2007.01.20"]
[Round "7"]
[White "Sargissian,G"]
[Black "Jakovenko,D"]
[Result "1-0"]
[WhiteElo "2658"]
[BlackElo "2691"]

1.d4 d5 2.c4 c6 3.Nf3 Nf6 4.Nc3 a6 5.c5 Nbd7 6.Bf4 Nh5 7.Bd2 Nhf6 8.Qc2 g6
9.g3 Bg7 10.Bg2 O-O 11.O-O Re8 12.Rad1 b6 13.cxb6 Nxb6 14.Ne5 Bf5 15.Qb3 Rc8
16.Na4 Nxa4 17.Qxa4 Qb6 18.Qb4 Qb5 19.Qxb5 cxb5 20.Rc1 Nd7 21.Nc6 Nb6 22.b3 Rc7
23.Ne5 Rec8 24.Rxc7 Rxc7 25.Ba5 Bxe5 26.dxe5 Rc6 27.Bxb6 Rxb6 28.Bxd5 b4
29.Rc1 Rb5 30.e4 Be6 31.Bxe6 fxe6 32.f4 Ra5 33.Rc2 Ra3 34.Kf2 a5 35.Rb2 a4
36.Ke3 axb3 37.axb3 Ra1 38.Kd3 Re1 39.Re2 Rc1 40.Rc2 Re1 41.Rc4 Rh1 42.Rxb4 Rxh2
43.Rd4 Rg2 44.b4 Rxg3+ 45.Kc4 Rf3 46.b5 Rxf4 47.Rd8+ Kf7 48.b6 Rxe4+ 49.Kc3 Re3+
50.Rd3 Rxe5 51.Kb2 h5 52.b7 Rb5+ 53.Rb3 Rxb7 54.Rxb7 Kf6 55.Kc2 g5 56.Kd2 h4
57.Ke3 Kf5 58.Rxe7 e5 59.Re8 g4 60.Rh8 h3 61.Kf2 Kf4 62.Rf8+ Ke4 63.Kg3  1-0